Ч. 2: Динамика системы, динамика твердого тела, аналитическая динамика; Лекции по теоретической механике

Detaylı Bibliyografya
Parent link:Лекции по теоретической механике/ Е. Н. Березкин. Ч. 2: Динамика системы, динамика твердого тела, аналитическая динамика.— , 1967-1968
Dil:Rusça
Baskı/Yayın Bilgisi: 1968
Konular:
Materyal Türü: Kitap
KOHA link:https://koha.lib.tpu.ru/cgi-bin/koha/opac-detail.pl?biblionumber=41670

MARC

LEADER 00000nam2a2200000 4500
001 41670
005 20231031014613.0
035 |a (RuTPU)RU\TPU\book\42800 
090 |a 41670 
100 |a 20020627d1968 m y0rusy50 ca 
101 0 |a rus 
102 |a RU 
105 |a a j 001zy 
200 0 |a Ч. 2: Динамика системы, динамика твердого тела, аналитическая динамика 
210 |d 1968 
215 |a 314 с.  |c ил. 
320 |a Библиогр.: с. 309. 
320 |a Предм. указ.: с. 310-314. 
461 1 |0 (RuTPU)RU\TPU\book\42797  |t Лекции по теоретической механике  |f Е. Н. Березкин  |v Ч. 2: Динамика системы, динамика твердого тела, аналитическая динамика  |d 1967-1968 
610 1 |a физика 
610 1 |a теоретическая механика 
610 1 |a твердые тела 
610 1 |a системы 
610 1 |a динамика 
610 1 |a аналитическая динамика 
610 1 |a лекции 
610 1 |a учебные пособия 
675 |a 531(075.8)  |v 3 
801 1 |a RU  |b 63413507  |c 20020627  |g PSBO 
801 2 |a RU  |b 63413507  |c 20120528  |g RCR 
942 |c BK